| 000 | 00743nam a22001337a 4500 | ||
|---|---|---|---|
| 040 | _cRUA | ||
| 082 | _aFOR AS 2015 B487 Or.1 | ||
| 100 | _aAS BROSDEN; | ||
| 245 | _aMeasures of traditional agroforestry implementation for livelihood improvement in preah vihear protected forest; វិធានការអនុវត្តន៍កសិរុក្ខកម្មបែបប្រពៃណីដែលជម្រុញអោយមានភាពល្អប្រសើរដល់ជីវភាពរស់នៅរបស់ប្រជាជននៅតំបន់ព្រៃការពារព្រះវិហារ | ||
| 260 |
_aPhnom Penh _bRUA _c2015 |
||
| 300 |
_axii;52p. _bill. _c29cm. |
||
| 856 | _uAS BROSDEN | ||
| 942 | _cFOR | ||
| 999 |
_c8267 _d8267 |
||